Der neue § 130 Abs. 5 StGB - zugleich ein Beitrag zur europarechtlichen Determinierung des Umgangs mit sog. Hasskriminalität

Gespeichert in:  
Bibliographische Detailangaben
VerfasserInnen: Rebmann, Florian (Verfasst von) ; Schlicksupp, Simon (Verfasst von)
Medienart: Druck Aufsatz
Sprache:Deutsch
Veröffentlicht: 2023
In: Zeitschrift für die gesamte Strafrechtswissenschaft
Jahr: 2023, Band: 135, Heft: 1, Seiten: 84-101
Verfügbarkeit prüfen: HBZ Gateway
Schlagwörter:

MARC

LEADER 00000caa a2200000 c 4500
001 1841211680
003 DE-627
005 20260216074941.0
007 tu
008 230404s2023 xx ||||| 00| ||ger c
035 |a (DE-627)1841211680 
035 |a (DE-599)KXP1841211680 
040 |a DE-627  |b ger  |c DE-627  |e rda 
041 |a ger 
084 |a 2,1  |2 ssgn 
100 1 |a Rebmann, Florian  |e VerfasserIn  |0 (DE-588)1390361802  |0 (DE-627)1961103869  |4 aut 
109 |a Rebmann, Florian 
245 1 4 |a Der neue § 130 Abs. 5 StGB - zugleich ein Beitrag zur europarechtlichen Determinierung des Umgangs mit sog. Hasskriminalität  |c Florian Rebmann und Simon Schlicksupp 
264 1 |c 2023 
336 |a Text  |b txt  |2 rdacontent 
337 |a ohne Hilfsmittel zu benutzen  |b n  |2 rdamedia 
338 |a Band  |b nc  |2 rdacarrier 
689 0 0 |d g  |0 (DE-588)4011882-4  |0 (DE-627)104704861  |0 (DE-576)208896155  |a Deutschland  |2 gnd 
689 0 1 |d s  |0 (DE-588)4563128-1  |0 (DE-627)305134345  |0 (DE-576)213741776  |a Hate crime  |2 gnd 
689 0 2 |d s  |0 (DE-588)4063690-2  |0 (DE-627)106126954  |0 (DE-576)209149884  |a Völkermord  |2 gnd 
689 0 3 |d s  |0 (DE-588)4124385-7  |0 (DE-627)10574820X  |0 (DE-576)209567619  |a Verbrechen gegen die Menschlichkeit  |2 gnd 
689 0 4 |d s  |0 (DE-588)4187874-7  |0 (DE-627)105268852  |0 (DE-576)210048816  |a Verleugnung  |2 gnd 
689 0 5 |d s  |0 (DE-588)4188561-2  |0 (DE-627)105263702  |0 (DE-576)210053704  |a Volksverhetzung  |2 gnd 
689 0 6 |d s  |0 (DE-588)4131795-6  |0 (DE-627)105692506  |0 (DE-576)209630256  |a Strafbarkeit  |2 gnd 
689 0 |5 (DE-627) 
700 1 |a Schlicksupp, Simon  |e VerfasserIn  |4 aut 
773 0 8 |i Enthalten in  |t Zeitschrift für die gesamte Strafrechtswissenschaft  |d Berlin [u.a.] : de Gruyter, 1881  |g 135(2023), 1, Seite 84-101  |w (DE-627)129491098  |w (DE-600)206260-4  |w (DE-576)014885867  |x 0084-5310  |7 nnas 
773 1 8 |g volume:135  |g year:2023  |g number:1  |g pages:84-101 
951 |a AR 
ELC |b 1 
LOK |0 000 xxxxxcx a22 zn 4500 
LOK |0 001 4796831010 
LOK |0 003 DE-627 
LOK |0 004 1841211680 
LOK |0 005 20251105083303 
LOK |0 008 251105||||||||||||||||ger||||||| 
LOK |0 040   |a DE-21-110  |c DE-627  |d DE-21-110 
LOK |0 852   |z Kein Bestand am IfK; Nachweis für KrimDok 
LOK |0 852   |a DE-21-110 
LOK |0 852 1  |m v  |9 00 
LOK |0 866   |x #a#Rebmann, Florian#/a# 
LOK |0 935   |a t110 
LOK |0 938   |k v 
LOK |0 939   |a 05-11-25  |b l01 
LOK |0 000 xxxxxcx a22 zn 4500 
LOK |0 001 4796831231 
LOK |0 003 DE-627 
LOK |0 004 1841211680 
LOK |0 005 20251105083321 
LOK |0 008 251105||||||||||||||||ger||||||| 
LOK |0 040   |a DE-2619  |c DE-627  |d DE-2619 
LOK |0 092   |o n 
LOK |0 852   |a DE-2619 
LOK |0 852 1  |9 00 
LOK |0 939   |a 05-11-25  |b l01 
ORI |a WA-MARC-krimdoka001.raw 
TIM |a 100019901003_100020261231  |b 1990-10-03 - 2026